Como un salto de campana
Guardat en:
| Autor principal: | |
|---|---|
| Format: | Llibre |
| Idioma: | espanyol |
| Publicat: |
Santiago
Alfaguara
1992
|
| Edició: | 1a. ed |
| Matèries: | |
| Etiquetes: |
Afegir etiqueta
Sense etiquetes, Sigues el primer a etiquetar aquest registre!
|
MARC
| LEADER | 00000nam a2200000 a 4500 | ||
|---|---|---|---|
| 001 | UCH8451 | ||
| 003 | CL-VaPUC | ||
| 008 | 091127e19920000CL |||||||||||||||||spa|d | ||
| 020 | |a 9562700011 | ||
| 082 | 0 | 4 | |a Ch863 |b CAR |2 21 |
| 100 | |a Carvajal, Víctor |e author |9 569502 | ||
| 245 | 1 | 0 | |a Como un salto de campana |
| 250 | |a 1a. ed | ||
| 300 | |a 143 p | ||
| 942 | |c BK | ||
| 945 | |d 20091127 00:00:00 | ||
| 260 | |a Santiago |b Alfaguara |c 1992 | ||
| 650 | 0 | |a Novelas chilenas |9 265425 | |
| 650 | 0 | |a Cuentos chilenos |9 308280 | |
| 650 | 0 | |a Literatura chilena |9 308278 | |
| 650 | 0 | |a Literatura infantil |9 307465 | |
| 583 | |a last modification |c 20091127 00:00:00 |k Rodrigo Vera | ||
| 999 | |c 338663 |d 338661 | ||